[Event "4NCL 3 South pool B"]
[Site "Reading, ENG"]
[Date "2016.11.27"]
[Round "2.72"]
[White "Whyte, Brian G"]
[Black "Farkas, Daniel"]
[Result "0-1"]
[WhiteElo "2080"]
[BlackElo "2082"]
[PlyCount "90"]
[EventDate "2016.11.27"]
[WhiteTeam "Shropshire 1"]
[BlackTeam "Fermented Sharks"]

1. e4 c6 2. d4 d5 3. Nc3 dxe4 4. Nxe4 Bf5 5. Ng3 Bg6 6. Bc4 e6 7. N1e2 Bd6 8.
h4 h6 9. Nf4 Bxf4 10. Bxf4 Nf6 11. Qe2 O-O 12. h5 Bh7 13. O-O-O b5 14. Bd3 Qd5
15. Kb1 Nbd7 16. f3 Bxd3 17. Rxd3 b4 18. Ne4 Qb5 19. Qd2 Kh7 20. g4 Nxe4 21.
fxe4 e5 22. dxe5 Nxe5 23. Bxe5 Qxe5 24. Qxb4 Rab8 25. Qd4 Qf4 26. e5 Rb4 27.
Qxf4 Rxf4 28. Rg1 Re8 29. Re3 Re6 30. Kc1 f6 31. Rge1 Rxg4 32. exf6 Rxf6 33.
Re5 Rg5 34. a4 Rf4 35. a5 Ra4 36. Rxg5 hxg5 37. Re5 Kh6 38. Kd2 Kxh5 39. b3 Rf4
40. Ke3 Rf7 41. Re8 g4 42. Rh8+ Kg5 43. Rh1 g3 44. Kd4 Kg4 45. Kc5 Rf6 0-1

[Event "4NCL 3 South pool B"]
[Site "Reading, ENG"]
[Date "2016.11.27"]
[Round "2.73"]
[White "Agnew, Alan"]
[Black "Bryant, Richard B E"]
[Result "1/2-1/2"]
[WhiteElo "2084"]
[BlackElo "2057"]
[PlyCount "86"]
[EventDate "2016.11.27"]
[WhiteTeam "Fermented Sharks"]
[BlackTeam "Shropshire 1"]

1. Nf3 d5 2. c4 c6 3. g3 g6 4. Bg2 Bg7 5. cxd5 cxd5 6. d4 Nc6 7. Nc3 Nf6 8. O-O
O-O 9. Ne5 e6 10. Nxc6 bxc6 11. Na4 Rb8 12. Bf4 Rb5 13. Be5 Ne8 14. Bxg7 Kxg7
15. Qc2 Bb7 16. e3 Ba8 17. Nc5 Nd6 18. b3 Qe7 19. Qc3 Kg8 20. Rfc1 Rb6 21. b4
Rfb8 22. a3 Re8 23. Bf1 Rd8 24. Ra2 f5 25. f4 g5 26. Rg2 Kh8 27. Bd3 Rg8 28.
Rcc2 g4 29. Nb3 Rc8 30. Rc1 Qd7 31. Kf2 Bb7 32. Nc5 Qe7 33. Rh1 Qg7 34. Rgg1
Rg8 35. Rc1 Bc8 36. Nb3 Ba6 37. Bb1 Bb5 38. Nc5 Bc4 39. Kg2 Be2 40. Kf2 Bf3 41.
Rhg1 Rc8 42. h4 h5 43. Bd3 Rg8 1/2-1/2

[Event "4NCL 3 South pool B"]
[Site "Reading, ENG"]
[Date "2016.11.27"]
[Round "2.74"]
[White "Paul, Nathanael"]
[Black "George, Matthew P"]
[Result "0-1"]
[WhiteElo "2005"]
[BlackElo "1980"]
[PlyCount "78"]
[EventDate "2016.11.27"]
[WhiteTeam "Shropshire 1"]
[BlackTeam "Fermented Sharks"]

1. e4 c5 2. Nf3 Nc6 3. d4 cxd4 4. Nxd4 Qb6 5. Nb3 Nf6 6. Nc3 e6 7. Be3 Qc7 8.
Bd3 a6 9. O-O b5 10. Qe2 Bb7 11. f4 d6 12. f5 Be7 13. Rae1 O-O 14. h3 d5 15.
Bf4 Qb6+ 16. Kh2 dxe4 17. Nxe4 exf5 18. Nd6 Bxd6 19. Bxd6 Rfe8 20. Qd2 Rxe1 21.
Rxe1 Rd8 22. Qf4 Re8 23. Rf1 Nd8 24. Bc5 Qc6 25. Rg1 Ne4 26. Qxf5 Qc7+ 27. g3
Re5 28. Bb6 Qd6 29. Qf4 Ne6 30. Qe3 N4g5 31. Qf2 Nf3+ 32. Kg2 Nxg1+ 33. Kxg1
Qd5 34. Kf1 Qh1+ 35. Qg1 Qxh3+ 36. Kf2 Qg4 37. Nd2 Ng5 38. Qh2 Nh3+ 39. Kf1
Qd1# 0-1

[Event "4NCL 3 South pool B"]
[Site "Reading, ENG"]
[Date "2016.11.27"]
[Round "2.76"]
[White "Lewis, Christopher D"]
[Black "Dydak, Mateusz"]
[Result "1/2-1/2"]
[WhiteElo "1945"]
[BlackElo "1847"]
[PlyCount "36"]
[EventDate "2016.11.27"]
[WhiteTeam "Shropshire 1"]
[BlackTeam "Fermented Sharks"]

1. e4 e6 2. d4 d5 3. Nd2 dxe4 4. Nxe4 Nd7 5. Bf4 Ngf6 6. Nxf6+ Nxf6 7. Nf3 Be7
8. Bc4 O-O 9. O-O Bd7 10. Ne5 Be8 11. c3 Nd7 12. Re1 Nxe5 13. Bxe5 Bf6 14. d5
Bxe5 15. Rxe5 Qf6 16. Qe2 exd5 17. Bxd5 Bc6 18. Bxc6 Qxc6 1/2-1/2

[Event "4NCL 3 South pool B"]
[Site "Reading, ENG"]
[Date "2016.11.27"]
[Round "2.81"]
[White "Churm, Rohan M"]
[Black "Ruthen, Stephen W"]
[Result "1-0"]
[WhiteElo "2134"]
[BlackElo "2015"]
[PlyCount "95"]
[EventDate "2016.11.27"]
[WhiteTeam "Cambridge University 2"]
[BlackTeam "Iceni 1"]

1. d4 Nf6 2. Nf3 g6 3. c4 Bg7 4. Nc3 d6 5. g3 O-O 6. Bg2 Nbd7 7. O-O c6 8. e4
e5 9. h3 Re8 10. Be3 Qe7 11. d5 Nc5 12. Nd2 a5 13. a3 h6 14. b4 axb4 15. axb4
Rxa1 16. Qxa1 Na6 17. Rb1 Bd7 18. Na4 Nc7 19. Nb6 Qd8 20. Nb3 cxd5 21. cxd5 Bb5
22. Na5 Qb8 23. Nac4 Rd8 24. Qc3 Be8 25. Ra1 Nh5 26. Bf3 Nf6 27. Na3 Kh7 28.
Qc4 Bf8 29. b5 Na8 30. Na4 Rc8 31. Qb4 Nd7 32. b6 Nc5 33. Nc3 f5 34. Nc4 Nd3
35. Qb3 Nc5 36. Qa2 Be7 37. Bxc5 dxc5 38. d6 Bxd6 39. exf5 gxf5 40. Nxd6 Qxd6
41. Bxb7 Nxb6 42. Rd1 Qg6 43. Bxc8 Nxc8 44. Qa8 Qc6 45. Qb8 Bh5 46. Rd8 Ne7 47.
Rh8+ Kg6 48. Qf8 1-0

[Event "4NCL 3 South pool B"]
[Site "Reading, ENG"]
[Date "2016.11.27"]
[Round "2.82"]
[White "Dickson, George"]
[Black "Somerfield, Adrian P"]
[Result "1/2-1/2"]
[WhiteElo "2007"]
[BlackElo "2097"]
[PlyCount "91"]
[EventDate "2016.11.27"]
[WhiteTeam "Iceni 1"]
[BlackTeam "Cambridge University 2"]

1. e4 c6 2. d4 d5 3. e5 c5 4. c3 Nc6 5. Nf3 Bg4 6. Be2 e6 7. O-O Bxf3 8. Bxf3
cxd4 9. cxd4 Qb6 10. Be3 Qxb2 11. Qb3 Qxb3 12. axb3 Bb4 13. Rc1 Nge7 14. Be2
O-O 15. Na3 a6 16. Nc2 Bc3 17. Rab1 Nf5 18. Rd1 Rfc8 19. g4 Nxe3 20. fxe3 Ne7
21. Bd3 f6 22. exf6 gxf6 23. Rf1 Kg7 24. e4 Bd2 25. Kf2 Rc3 26. Ke2 Bg5 27. h4
Bxh4 28. Kd2 Rac8 29. Bc4 Rxc2+ 30. Kxc2 dxc4 31. bxc4 Rxc4+ 32. Kd3 Rc7 33.
Rb6 Nc6 34. Rfb1 Nd8 35. Rd6 Rc8 36. Rd7+ Kg6 37. Rh1 Kg5 38. Rxh7 Bf2 39. Rf1
Kg6 40. Rh3 Bxd4 41. Kxd4 Nf7 42. Rhf3 e5+ 43. Kd5 Rc6 44. Rb3 Rd6+ 45. Kc5
Rc6+ 46. Kd5 1/2-1/2

[Event "4NCL 3 South pool B"]
[Site "Reading, ENG"]
[Date "2016.11.27"]
[Round "2.83"]
[White "Robertson, J Stuart"]
[Black "Peters, Alexander John"]
[Result "1-0"]
[WhiteElo "2097"]
[BlackElo "2006"]
[PlyCount "83"]
[EventDate "2016.11.27"]
[WhiteTeam "Cambridge University 2"]
[BlackTeam "Iceni 1"]

1. d4 Nf6 2. c4 c5 3. d5 a6 4. Qc2 b5 5. e4 d6 6. cxb5 axb5 7. Bxb5+ Bd7 8.
Bxd7+ Nbxd7 9. Nf3 Qa5+ 10. Nbd2 g6 11. b3 Bg7 12. Bb2 O-O 13. O-O Nb6 14. Rfe1
Rab8 15. Nc4 Nxc4 16. Qxc4 Rb4 17. Qc2 Rb7 18. Nd2 Qc7 19. Nc4 Nd7 20. Bxg7
Kxg7 21. h4 f6 22. g3 Ne5 23. Nxe5 fxe5 24. Kg2 Qa5 25. Qe2 Rf6 26. Qe3 e6 27.
dxe6 Rxe6 28. h5 Rf7 29. hxg6 Rxg6 30. Re2 Kh8 31. Qd2 Qa6 32. Qc2 Rff6 33. Qc4
Qc8 34. Rh1 Qg4 35. Qd3 Rh6 36. Ree1 Rxh1 37. Rxh1 d5 38. f3 Qg6 39. Qxd5 Rd6
40. Qxe5+ Kg8 41. Rh4 Rd2+ 42. Kh3 1-0

[Event "4NCL 3 South pool B"]
[Site "Reading, ENG"]
[Date "2016.11.27"]
[Round "2.84"]
[White "Botham, C Paul"]
[Black "Chan, Nevil"]
[Result "1/2-1/2"]
[WhiteElo "1973"]
[BlackElo "2031"]
[PlyCount "51"]
[EventDate "2016.11.27"]
[WhiteTeam "Iceni 1"]
[BlackTeam "Cambridge University 2"]

1. c4 b6 2. Nc3 Bb7 3. e3 e6 4. Nf3 f5 5. Be2 Nf6 6. O-O Be7 7. b3 O-O 8. Bb2
Ne4 9. d3 Nxc3 10. Bxc3 Bf6 11. Qc2 d6 12. Nd2 Nd7 13. Bf3 Bxf3 14. Nxf3 Qe8
15. d4 Qg6 16. Rfe1 e5 17. dxe5 Nxe5 18. Nxe5 Bxe5 19. Bxe5 dxe5 20. e4 f4 21.
f3 Rad8 22. Red1 Qf6 23. Rd5 c6 24. Rxd8 Rxd8 25. Rd1 Rd6 26. Kf2 1/2-1/2

[Event "4NCL 3 South pool B"]
[Site "Reading, ENG"]
[Date "2016.11.27"]
[Round "2.85"]
[White "Chevannes, Sabrina L"]
[Black "Feavyour, John A"]
[Result "0-1"]
[WhiteElo "2012"]
[BlackElo "1963"]
[PlyCount "80"]
[EventDate "2016.11.27"]
[WhiteTeam "Cambridge University 2"]
[BlackTeam "Iceni 1"]

1. d4 d5 2. Bf4 Nf6 3. e3 e6 4. c4 c6 5. Nc3 Be7 6. Nf3 O-O 7. h3 Nbd7 8. Qc2
dxc4 9. Bxc4 b5 10. Bd3 Bb7 11. a3 Rc8 12. O-O a6 13. b4 g6 14. Nd2 Nd5 15.
Nxd5 cxd5 16. Qd1 Nb6 17. Nb3 Na4 18. Qe2 Bd6 19. Bxd6 Qxd6 20. Nc5 Nxc5 21.
bxc5 Qe7 22. a4 e5 23. axb5 e4 24. Bc2 axb5 25. Qxb5 Bc6 26. Qb6 Qe8 27. Rfb1
f5 28. Ra7 f4 29. Rc7 f3 30. g3 Qe6 31. g4 h5 32. Qxc6 Qxc6 33. Rxc6 Rxc6 34.
Rb6 Rxb6 35. cxb6 Kf7 36. Ba4 Rb8 37. Bc6 Ke6 38. Kh2 hxg4 39. hxg4 g5 40. Ba4
Rxb6 0-1

[Event "4NCL 3 South pool B"]
[Site "Reading, ENG"]
[Date "2016.11.27"]
[Round "2.86"]
[White "Calvert, D Ian"]
[Black "Nettleton, Charlie B"]
[Result "0-1"]
[WhiteElo "1934"]
[BlackElo "1944"]
[PlyCount "86"]
[EventDate "2016.11.27"]
[WhiteTeam "Iceni 1"]
[BlackTeam "Cambridge University 2"]

1. b3 f5 2. Bb2 e6 3. e4 Nf6 4. exf5 exf5 5. Qe2+ Kf7 6. Nf3 Nc6 7. Nc3 Bb4 8.
O-O-O Re8 9. Qc4+ d5 10. Qh4 h6 11. Bd3 Be6 12. Rhe1 Ne4 13. Qxd8 Raxd8 14. Re2
a6 15. a3 Bc5 16. Na4 Bd6 17. h3 b5 18. Nc3 Bc5 19. Rf1 Bc8 20. Nd1 g5 21. Ree1
Re7 22. Ng1 Rde8 23. Bxe4 dxe4 24. f3 Bxg1 25. Rxg1 exf3 26. Rxe7+ Nxe7 27.
gxf3 Ng6 28. Ne3 Nf4 29. Rh1 Kg6 30. h4 Bb7 31. hxg5 hxg5 32. Rh8 Rxh8 33. Bxh8
Bxf3 34. Be5 Ne2+ 35. Kb2 c6 36. c4 g4 37. cxb5 cxb5 38. a4 g3 39. axb5 axb5
40. Ka3 f4 41. Kb4 fxe3 42. dxe3 g2 43. Bh2 Bc6 0-1

[Event "4NCL 3 South pool B"]
[Site "Reading, ENG"]
[Date "2017.01.15"]
[Round "4.51"]
[White "Walker, Nicholas P"]
[Black "Farkas, Daniel"]
[Result "0-1"]
[WhiteElo "2152"]
[BlackElo "2090"]
[PlyCount "80"]
[EventDate "2017.01.15"]
[WhiteTeam "Hackney "]
[BlackTeam "Fermented Sharks"]

1. e4 c6 2. d4 d5 3. e5 c5 4. dxc5 e6 5. Nf3 Bxc5 6. Bd3 Nc6 7. O-O Nge7 8.
Nbd2 Ng6 9. Nb3 Bb6 10. Bg5 Qc7 11. Bxg6 hxg6 12. Qe2 Bd7 13. Rfd1 Rc8 14. c3
O-O 15. Rac1 Qb8 16. c4 Rfe8 17. Bh4 Nb4 18. c5 Bc7 19. Bg3 Nxa2 20. Ra1 Nb4
21. Rd4 Nc6 22. Rg4 Ne7 23. Nbd4 Nf5 24. b4 Bd8 25. h4 Nh6 26. Rf4 a5 27. Nb5
Bxb5 28. Qxb5 Bc7 29. bxa5 Bxe5 30. Nxe5 Qxe5 31. Rd1 Nf5 32. Bh2 Qc3 33. Qxb7
Qxa5 34. c6 Rc7 35. Rb1 Nd6 36. Qb6 Qxb6 37. Rxb6 e5 38. Ra4 Nc4 39. Rb5 Rxc6
40. Rxd5 Nb6 0-1

[Event "4NCL 3 South pool B"]
[Site "Reading, ENG"]
[Date "2017.01.15"]
[Round "4.52"]
[White "Okhai, Shabir"]
[Black "Britton, Richard L"]
[Result "1-0"]
[WhiteElo "2079"]
[BlackElo "2146"]
[PlyCount "63"]
[EventDate "2017.01.15"]
[WhiteTeam "Fermented Sharks"]
[BlackTeam "Hackney "]

1. e4 c5 2. Nf3 d6 3. d4 cxd4 4. Nxd4 Nf6 5. Nc3 a6 6. Bg5 e6 7. f4 Qc7 8. Qe2
Nbd7 9. O-O-O b5 10. a3 Bb7 11. g4 O-O-O 12. h4 Kb8 13. Rh3 Rc8 14. Bxf6 Nxf6
15. Ncxb5 axb5 16. Nxb5 Qa5 17. Rb3 Nxe4 18. Bg2 Nc5 19. Rb4 d5 20. Kb1 Nd7 21.
Rb3 Rc4 22. Bxd5 exd5 23. Qe8+ Bc8 24. Rxd5 Nb6 25. Qe5+ Kb7 26. Rd8 Rc5 27.
Qe4+ Ka6 28. a4 Rc4 29. Qe2 Bxg4 30. Nc7+ Ka7 31. Qxc4 Bc5 32. Rxh8 1-0

[Event "4NCL 3 South pool B"]
[Site "Reading, ENG"]
[Date "2017.01.15"]
[Round "4.53"]
[White "Cenal Gutierrez, Ruben"]
[Black "Niccoli, Tony"]
[Result "1-0"]
[WhiteElo "2150"]
[BlackElo "2060"]
[PlyCount "127"]
[EventDate "2017.01.15"]
[WhiteTeam "Hackney "]
[BlackTeam "Fermented Sharks"]

1. d4 d5 2. Nf3 Nf6 3. c4 c6 4. Nc3 dxc4 5. e4 b5 6. e5 Nd5 7. a4 e6 8. Be2 b4
9. Ne4 Ba6 10. O-O c3 11. bxc3 Nxc3 12. Nxc3 bxc3 13. a5 Bb4 14. Ng5 Bxe2 15.
Qxe2 Qd5 16. Ba3 Bxa3 17. Rxa3 O-O 18. Qd3 f5 19. Rxc3 Rd8 20. Qc4 Qxc4 21.
Rxc4 Re8 22. h4 h6 23. Nf3 Kf7 24. Rb1 Re7 25. h5 Rc7 26. Ne1 Nd7 27. Rbc1 Rac8
28. Nd3 Nb8 29. f3 Na6 30. Kf2 Ke7 31. Ke3 Kd7 32. g4 fxg4 33. fxg4 Ke7 34. Nf4
Kd7 35. Ng6 c5 36. Ke4 Kc6 37. Nf4 Kd7 38. Ng6 Kc6 39. Nf4 Kd7 40. d5 exd5+ 41.
Nxd5 Rc6 42. Rf1 Ke8 43. Nf4 Nc7 44. Kf5 Nb5 45. Ng6 Nd4+ 46. Ke4 Ne6 47. Rb1
R6c7 48. Kd5 Ng5 49. e6 Rd8+ 50. Ke5 Nf3+ 51. Kf4 Nd2 52. Kg3 Re7 53. Nxe7 Rd3+
54. Kf2 Nxb1 55. Nf5 Nd2 56. Nxg7+ Kd8 57. Rf4 c4 58. Rf8+ Kc7 59. e7 Ne4+ 60.
Kg2 Rd2+ 61. Kf3 Nd6 62. Nf5 Kd7 63. Rd8+ Kc7 64. Nxd6 1-0

[Event "4NCL 3 South pool B"]
[Site "Reading, ENG"]
[Date "2017.01.15"]
[Round "4.54"]
[White "George, Matthew P"]
[Black "Vives, Pepe"]
[Result "1-0"]
[WhiteElo "1997"]
[BlackElo "1911"]
[PlyCount "25"]
[EventDate "2017.01.15"]
[WhiteTeam "Fermented Sharks"]
[BlackTeam "Hackney "]

1. c4 e5 2. g3 Nf6 3. Bg2 d5 4. cxd5 Nxd5 5. Nc3 Be6 6. Nf3 Nc6 7. O-O Bc5 8.
Nxe5 Bxf2+ 9. Rxf2 Nxe5 10. Qb3 Nxc3 11. Qxc3 Nc6 12. Qxg7 Qd4 13. Bxc6+ 1-0

[Event "4NCL 3 South pool B"]
[Site "Reading, ENG"]
[Date "2017.01.15"]
[Round "4.55"]
[White "Conway, Paul Bernard"]
[Black "Kay, Jonathan"]
[Result "1/2-1/2"]
[WhiteElo "1866"]
[BlackElo "1937"]
[PlyCount "33"]
[EventDate "2017.01.15"]
[WhiteTeam "Hackney "]
[BlackTeam "Fermented Sharks"]

1. e4 c5 2. Nc3 d6 3. f4 Nc6 4. Nf3 Bg4 5. h3 Bxf3 6. Qxf3 Nd4 7. Bb5+ Nxb5 8.
Nxb5 Qb6 9. Nc3 e6 10. O-O Nf6 11. d3 Be7 12. Kh1 O-O-O 13. Rb1 d5 14. Bd2 dxe4
15. Nxe4 Qc6 16. Bc3 Nxe4 17. Qxe4 1/2-1/2

[Event "4NCL 3 South pool B"]
[Site "Reading, ENG"]
[Date "2017.01.15"]
[Round "4.56"]
[White "Dydak, Mateusz"]
[Black "Khalilov, Rauf"]
[Result "1-0"]
[WhiteElo "1859"]
[BlackElo "1652"]
[PlyCount "65"]
[EventDate "2017.01.15"]
[WhiteTeam "Fermented Sharks"]
[BlackTeam "Hackney "]

1. f4 d5 2. Nf3 c6 3. e3 g6 4. Be2 Bg7 5. O-O Nh6 6. d4 Bf5 7. Ne5 Nd7 8. Nd3
Be4 9. Nd2 Nf6 10. Ne5 Nf5 11. Ndf3 Nd7 12. Ng4 h5 13. Nf2 Nf6 14. Ng5 Nd6 15.
b3 Bf5 16. c4 e6 17. Ba3 Nde4 18. Ngxe4 dxe4 19. Qd2 Ng4 20. Nxg4 hxg4 21. g3
g5 22. Rad1 gxf4 23. exf4 Qf6 24. Qe3 O-O-O 25. d5 Qh6 26. Rf2 exd5 27. cxd5
Kb8 28. d6 Rh7 29. Bc5 Rhh8 30. d7 Kc7 31. Bxa7 Bxd7 32. Qb6+ Kc8 33. Ba6 1-0

[Event "4NCL 3 South pool B"]
[Site "Reading, ENG"]
[Date "2017.01.15"]
[Round "4.61"]
[White "Howell, Chris I"]
[Black "Rutter, Nick J"]
[Result "0-1"]
[WhiteElo "1955"]
[BlackElo "2215"]
[PlyCount "74"]
[EventDate "2017.01.15"]
[WhiteTeam "Sussex Martlets 2"]
[BlackTeam "Shropshire 1"]

1. e4 c5 2. a3 g6 3. b4 Bg7 4. Nc3 d6 5. Nf3 Nc6 6. Bb5 Bd7 7. bxc5 dxc5 8. Rb1
a6 9. Be2 b5 10. Bb2 Nd4 11. Nd5 e6 12. Nxd4 cxd4 13. Nb4 Ne7 14. Bf3 a5 15.
Nd3 e5 16. O-O Bc6 17. Qe2 O-O 18. c3 dxc3 19. Bxc3 b4 20. Nxb4 axb4 21. Bxb4
Re8 22. Rfc1 Ba4 23. Qe3 Nc6 24. Be2 Nd4 25. Bc4 Qd7 26. Bd5 Rac8 27. Bc5 Bc6
28. Ba2 Rb8 29. Rb4 Rxb4 30. axb4 Bh6 31. Qxh6 Ne2+ 32. Kh1 Nxc1 33. Bc4 Bxe4
34. Be3 Bxg2+ 35. Kg1 Bh3 36. f3 Be6 37. Bg5 f6 0-1

[Event "4NCL 3 South pool B"]
[Site "Reading, ENG"]
[Date "2017.01.15"]
[Round "4.62"]
[White "Whyte, Brian G"]
[Black "Forster, Matthew"]
[Result "0-1"]
[WhiteElo "2080"]
[BlackElo "1813"]
[PlyCount "61"]
[EventDate "2017.01.15"]
[WhiteTeam "Shropshire 1"]
[BlackTeam "Sussex Martlets 2"]

1. e4 c5 2. Nf3 g6 3. d4 cxd4 4. Nxd4 Bg7 5. Nc3 Nc6 6. Nb3 d6 7. Be2 Nf6 8.
O-O O-O 9. Re1 a6 10. Bf1 b5 11. Nd5 Bb7 12. Bg5 Nd7 13. c3 Re8 14. a4 bxa4 15.
Rxa4 h6 16. Bh4 Nb6 17. Ra2 g5 18. Bg3 e6 19. Ne3 Ne5 20. f3 Qc7 21. Na5 d5 22.
Nxb7 Qxb7 23. exd5 Nxd5 24. Nxd5 exd5 25. h4 Re6 26. hxg5 hxg5 27. Qd2 Qe7 28.
Ra5 Qc7 29. Qxd5 Rd8 30. Qc5 Nxf3+ 31. Kh1 0-1

[Event "4NCL 3 South pool B"]
[Site "Reading, ENG"]
[Date "2017.01.15"]
[Round "4.63"]
[White "Graham, Cassie M"]
[Black "Bryant, Richard B E"]
[Result "0-1"]
[WhiteElo "1833"]
[BlackElo "2057"]
[PlyCount "82"]
[EventDate "2017.01.15"]
[WhiteTeam "Sussex Martlets 2"]
[BlackTeam "Shropshire 1"]

1. e4 e6 2. d3 c5 3. Nf3 Nc6 4. c3 d5 5. Nbd2 Bd6 6. g3 Nge7 7. Bg2 b5 8. Qe2
a5 9. e5 Bc7 10. a4 b4 11. O-O Ba6 12. c4 O-O 13. Nb3 Bb6 14. Be3 d4 15. Bg5
Rc8 16. h4 h6 17. Bd2 Qc7 18. Bh3 Bb7 19. h5 Na7 20. Bf4 Bc6 21. Nbd2 b3 22.
Ra3 Rb8 23. Nxb3 Qd7 24. Nbd2 Bxa4 25. Ne4 Bc6 26. Nfd2 Kh8 27. g4 Ng8 28. Kh2
Ba8 29. Rg1 Qc6 30. g5 hxg5 31. Nxg5 Nh6 32. Bg2 Qd7 33. Nge4 Bc7 34. Nxc5 Qe7
35. Nde4 Qh4+ 36. Bh3 Qxf4+ 37. Rg3 Rbd8 38. Kg2 Qxe5 39. Kf1 Bxe4 40. Nxe4 f5
41. Rg5 Qf4 0-1

[Event "4NCL 3 South pool B"]
[Site "Reading, ENG"]
[Date "2017.01.15"]
[Round "4.64"]
[White "Hurney, Kevin"]
[Black "Sutton, Daniel"]
[Result "1-0"]
[WhiteElo "2027"]
[BlackElo "1844"]
[PlyCount "59"]
[EventDate "2017.01.15"]
[WhiteTeam "Shropshire 1"]
[BlackTeam "Sussex Martlets 2"]

1. e4 e5 2. Nf3 Nc6 3. Bb5 a6 4. Ba4 Nf6 5. d3 b5 6. Bb3 Bc5 7. O-O d6 8. c3
O-O 9. h3 h6 10. Re1 Bb6 11. Nbd2 Ne7 12. Nf1 Ng6 13. Be3 Bxe3 14. Nxe3 Bb7 15.
Nf5 c5 16. a4 Qc7 17. Bc2 Rfe8 18. axb5 axb5 19. Qd2 Rxa1 20. Rxa1 Ra8 21. Qd1
Rxa1 22. Qxa1 c4 23. Qa7 Qc6 24. Qb8+ Kh7 25. Nxd6 cxd3 26. Bxd3 Ba6 27. Nxf7
Qd7 28. Qd6 Qxf7 29. Qxa6 Qe7 30. Qxb5 1-0

[Event "4NCL 3 South pool B"]
[Site "Reading, ENG"]
[Date "2017.01.15"]
[Round "4.65"]
[White "Rogacewicz, Mikolaj"]
[Black "Paul, Nathanael"]
[Result "0-1"]
[WhiteElo "1826"]
[BlackElo "2005"]
[PlyCount "122"]
[EventDate "2017.01.15"]
[WhiteTeam "Sussex Martlets 2"]
[BlackTeam "Shropshire 1"]

1. d4 Nf6 2. c4 e6 3. Nf3 b6 4. g3 Bb7 5. Bg2 Be7 6. O-O O-O 7. Nc3 d6 8. Qd3
Nbd7 9. e4 e5 10. d5 Nc5 11. Qc2 a5 12. Ne1 Ne8 13. f4 f6 14. f5 Rf7 15. g4 g5
16. h4 h6 17. Kf2 Rh7 18. Rh1 Ng7 19. hxg5 hxg5 20. Rxh7 Kxh7 21. Nd3 Qd7 22.
Bd2 Rh8 23. Rh1+ Kg8 24. Rxh8+ Kxh8 25. Nxc5 dxc5 26. Ne2 Qe8 27. Qb3 Bc8 28.
Qh3+ Kg8 29. b3 Qf7 30. Ng3 Ne8 31. Qh1 Bd7 32. Qe1 Nd6 33. Kf3 Qe8 34. Nh5 Kf7
35. Ng3 Qh8 36. Ne2 a4 37. Nc3 axb3 38. axb3 Qh2 39. Qa1 Ne8 40. Be3 Nd6 41.
Qa7 Ne8 42. Ne2 Bd6 43. Bf2 Bxf5 44. gxf5 g4+ 45. Ke3 Qxg2 46. Bg3 Qf3+ 47. Kd2
Qxb3 48. Qa8 Bf8 49. Qc8 Bh6+ 50. Ke1 Qb1+ 51. Kf2 Qxe4 52. Qe6+ Kf8 53. Ng1
Be3+ 54. Kf1 Bxg1 55. Kxg1 Qe3+ 56. Kh2 Qh6+ 57. Kg2 Qh3+ 58. Kf2 Qh1 59. Bxe5
Qf3+ 60. Kg1 Qe3+ 61. Kg2 Qxe5 0-1

[Event "4NCL 3 South pool B"]
[Site "Reading, ENG"]
[Date "2017.01.15"]
[Round "4.66"]
[White "Gostelow, David W"]
[Black "Blake, J Morgan"]
[Result "1/2-1/2"]
[WhiteElo "1990"]
[BlackElo "1799"]
[PlyCount "79"]
[EventDate "2017.01.15"]
[WhiteTeam "Shropshire 1"]
[BlackTeam "Sussex Martlets 2"]

1. d4 d5 2. Bf4 Nf6 3. e3 Bf5 4. Bd3 Bxd3 5. cxd3 c6 6. Nc3 e6 7. Nf3 Bd6 8.
Ne5 O-O 9. Rc1 Ne8 10. Bg3 Qe7 11. a3 f6 12. Nf3 e5 13. Qb3 Kh8 14. Qc2 Nd7 15.
O-O f5 16. dxe5 Nxe5 17. Nxe5 Bxe5 18. Bxe5 Qxe5 19. Ne2 Nf6 20. h3 g5 21. Qc3
Rae8 22. Rfe1 Qxc3 23. Nxc3 Nd7 24. d4 Nb6 25. b3 Kg7 26. f3 Kg6 27. Kf2 h5 28.
Ne2 a5 29. a4 Nd7 30. Rc3 h4 31. Nc1 g4 32. Nd3 g3+ 33. Ke2 f4 34. Kd2 fxe3+
35. Rxe3 Rxe3 36. Kxe3 Kf5 37. Kd2 Re8 38. Nc5 Nxc5 39. Rxc5 Ra8 40. Kd3
1/2-1/2

[Event "4NCL 3 South pool B"]
[Site "Reading, ENG"]
[Date "2017.01.15"]
[Round "4.71"]
[White "Moore, Graham J"]
[Black "Downham, Alan F"]
[Result "1/2-1/2"]
[WhiteElo "2120"]
[BlackElo "1997"]
[PlyCount "92"]
[EventDate "2017.01.15"]
[WhiteTeam "Anglian Avengers 2"]
[BlackTeam "Iceni 1"]

1. e4 d5 2. exd5 Qxd5 3. Nc3 Qd6 4. d4 Nf6 5. Nf3 c6 6. h3 Bf5 7. Bc4 Nbd7 8.
O-O e6 9. Re1 Be7 10. Nh4 Bg6 11. Bg5 Nb6 12. Bb3 Rd8 13. Nxg6 hxg6 14. Ne2 Qc7
15. Qd3 Nfd5 16. Bd2 g5 17. c4 Nf4 18. Nxf4 gxf4 19. Qe4 g5 20. Rad1 Kf8 21. f3
Rh6 22. Ba5 c5 23. Kf1 cxd4 24. Rxd4 Rxd4 25. Qxd4 Bc5 26. Qc3 Be3 27. Rd1 e5
28. Bb4+ Kg8 29. Qd3 Bd4 30. c5 Nd7 31. Qf5 Nf8 32. Ba5 Qe7 33. Bd8 Qd7 34.
Qxd7 Nxd7 35. Bxg5 Rg6 36. Bxf4 Nxc5 37. Bc2 Ra6 38. b4 Ne6 39. Bd2 Rxa2 40.
Bb3 Ra6 41. Bd5 Rd6 42. Bxb7 Bc3 43. Ke1 Rxd2 44. Rxd2 Bxb4 45. Kd1 Bxd2 46.
Kxd2 Nf4 1/2-1/2

[Event "4NCL 3 South pool B"]
[Site "Reading, ENG"]
[Date "2017.01.15"]
[Round "4.72"]
[White "Calvert, D Ian"]
[Black "Moore, Geoffrey R"]
[Result "0-1"]
[WhiteElo "1913"]
[BlackElo "2080"]
[PlyCount "118"]
[EventDate "2017.01.15"]
[WhiteTeam "Iceni 1"]
[BlackTeam "Anglian Avengers 2"]

1. b3 e5 2. Bb2 Nc6 3. e3 Nf6 4. Nf3 e4 5. Nd4 Nxd4 6. Bxd4 d5 7. c4 c5 8. Bxf6
Qxf6 9. Nc3 dxc4 10. Bxc4 Qg6 11. Qc2 Qxg2 12. O-O-O Bd7 13. Rhg1 Qf3 14. Nxe4
h6 15. Rg3 Qh5 16. Qd3 O-O-O 17. Qe2 Qe5 18. Nc3 Be6 19. Bxe6+ Qxe6 20. Qg4 f5
21. Qc4 Qf6 22. d4 Kb8 23. d5 Bd6 24. f4 g5 25. Rf3 g4 26. Rf2 h5 27. Kb1 Rhe8
28. Re2 a6 29. Rde1 Bf8 30. e4 b5 31. Nxb5 axb5 32. Qxb5+ Ka7 33. e5 Qa6 34.
Qxa6+ Kxa6 35. Rd1 Kb6 36. Kc2 Bh6 37. Rf2 Bxf4 38. Rxf4 Rxe5 39. d6 Kc6 40.
Ra4 Re2+ 41. Kc3 Rxh2 42. Ra6+ Kd7 43. Ra7+ Ke6 44. Re7+ Kf6 45. Rc7 Rxa2 46.
Rxc5 g3 47. Rcd5 Kg5 48. Kd4 h4 49. Ke3 Re8+ 50. Kd3 Kg4 51. d7 Rd8 52. Rd4+
Kf3 53. Rf1+ Kg2 54. Re1 f4 55. Re8 Raa8 56. Rxd8 Rxd8 57. Rxf4 Rxd7+ 58. Ke3
h3 59. Rc4 Rf7 0-1

[Event "4NCL 3 South pool B"]
[Site "Reading, ENG"]
[Date "2017.01.15"]
[Round "4.73"]
[White "Wallis, Ian J"]
[Black "Botham, C Paul"]
[Result "1-0"]
[WhiteElo "2102"]
[BlackElo "1981"]
[PlyCount "89"]
[EventDate "2017.01.15"]
[WhiteTeam "Anglian Avengers 2"]
[BlackTeam "Iceni 1"]

1. e4 d6 2. Nc3 Nf6 3. d4 c6 4. f4 Qa5 5. Bd3 e5 6. Nf3 Bg4 7. dxe5 dxe5 8. O-O
Nbd7 9. Qe1 Bxf3 10. Rxf3 Bc5+ 11. Kh1 O-O 12. Bd2 Qc7 13. Qh4 Bd6 14. Rh3 Rfe8
15. Rf1 Nf8 16. f5 b5 17. g4 N6d7 18. g5 g6 19. f6 Nc5 20. Be2 Nce6 21. Bg4
Red8 22. Be3 Rd7 23. Rhf3 Rad8 24. Qf2 Rb8 25. h4 Bb4 26. h5 Rb7 27. Ne2 Ba5
28. Qh4 Bb6 29. Bxb6 Qxb6 30. Ng3 c5 31. R3f2 c4 32. Ne2 b4 33. Ng1 Qd4 34. Bh3
Qxb2 35. Nf3 Qc3 36. Nh2 Rd2 37. hxg6 Nxg6 38. Qh6 Ngf8 39. g6 Rxf2 40. gxh7+
Nxh7 41. Rxf2 Rd7 42. Bxe6 Qe1+ 43. Nf1 fxe6 44. f7+ Rxf7 45. Qg6+ 1-0

[Event "4NCL 3 South pool B"]
[Site "Reading, ENG"]
[Date "2017.01.15"]
[Round "4.74"]
[White "Feavyour, John A"]
[Black "Gregory, Stephen J"]
[Result "1-0"]
[WhiteElo "1966"]
[BlackElo "2072"]
[PlyCount "91"]
[EventDate "2017.01.15"]
[WhiteTeam "Iceni 1"]
[BlackTeam "Anglian Avengers 2"]

1. d4 f5 2. Nf3 Nf6 3. g3 e6 4. Bg2 Be7 5. O-O O-O 6. c4 d6 7. Nc3 Qe8 8. b4
Nc6 9. a3 h6 10. d5 exd5 11. Nxd5 Nxd5 12. Qxd5+ Kh7 13. Bb2 Bf6 14. Bxf6 Rxf6
15. Rfe1 Be6 16. Qd3 Kh8 17. Rac1 Qg8 18. Qc3 Re8 19. c5 f4 20. cxd6 cxd6 21.
b5 Ne7 22. Qd4 fxg3 23. hxg3 Nc8 24. Rc7 b6 25. Rec1 Qf8 26. Rb7 Re7 27. Rcc7
Rxc7 28. Rxc7 Qd8 29. Qc3 Rf7 30. Rxf7 Bxf7 31. Nd4 Ne7 32. e3 Kg8 33. Bh3 Nd5
34. Qc6 Qf6 35. Qa8+ Kh7 36. Qxa7 h5 37. Qd7 Nc3 38. Qc6 Nd5 39. Bf5+ g6 40.
Be4 Ne7 41. Qxb6 Kh6 42. Qd8 Kg7 43. b6 h4 44. gxh4 Qxh4 45. Bg2 Qf6 46. b7 1-0